|
|
|
|
| LEADER |
01737nam a2200433 i 4500 |
| 001 |
EBC5205462 |
| 003 |
MiAaPQ |
| 005 |
20200520144314.0 |
| 006 |
m o d | |
| 007 |
cr cnu|||||||| |
| 008 |
180124t20182018njua ob 001 0 eng d |
| 020 |
|
|
|z 9781119317890
|
| 020 |
|
|
|a 9781119317937
|q (electronic bk.)
|
| 035 |
|
|
|a (MiAaPQ)EBC5205462
|
| 035 |
|
|
|a (Au-PeEL)EBL5205462
|
| 035 |
|
|
|a (CaPaEBR)ebr11486522
|
| 035 |
|
|
|a (OCoLC)1018160503
|
| 040 |
|
|
|a MiAaPQ
|b eng
|e rda
|e pn
|c MiAaPQ
|d MiAaPQ
|
| 050 |
|
4 |
|a HD61
|b .K569 2018
|
| 082 |
0 |
|
|a 658.155
|2 23
|
| 245 |
0 |
0 |
|a Knowledge in risk assessment and management /
|c edited by Terje Aven and Enrico Zio.
|
| 264 |
|
1 |
|a Hoboken, New Jersey :
|b Wiley,
|c 2018.
|
| 264 |
|
4 |
|c 2018
|
| 300 |
|
|
|a 1 online resource (355 pages) :
|b illustrations (some color), tables
|
| 336 |
|
|
|a text
|2 rdacontent
|
| 337 |
|
|
|a computer
|2 rdamedia
|
| 338 |
|
|
|a online resource
|2 rdacarrier
|
| 504 |
|
|
|a Includes bibliographical references at the end of each chapters and index.
|
| 588 |
|
|
|a Description based on print version record.
|
| 590 |
|
|
|a Electronic reproduction. Ann Arbor, MI : ProQuest, 2016. Available via World Wide Web. Access may be limited to ProQuest affiliated libraries.
|
| 650 |
|
0 |
|a Risk assessment.
|
| 650 |
|
0 |
|a Risk management.
|
| 650 |
|
0 |
|a System analysis.
|
| 655 |
|
4 |
|a Electronic books.
|
| 700 |
1 |
|
|a Aven, Terje,
|e editor.
|
| 700 |
1 |
|
|a Zio, Enrico,
|e editor.
|
| 776 |
0 |
8 |
|i Print version:
|t Knowledge in risk assessment and management.
|d Hoboken, New Jersey : Wiley, c2018
|h approximately 166 pages
|z 9781119317890
|w 2017044669
|
| 797 |
2 |
|
|a ProQuest (Firm)
|
| 856 |
4 |
0 |
|u https://ebookcentral.proquest.com/lib/matrademy/detail.action?docID=5205462
|z Click to View
|